000 00514nam a2200145 a 4500
008 120416s1958 ||||||||||||||||| || u
050 _aHF 5500 Cle
100 _aClements, Rogers Victor
245 1 0 _aManagers
246 _aa study of their careers in industry
260 _aLondon
_bAllen and Unwin
_c[1958]
300 _a200p. : ill.
350 _a0.00
995 _D0.00
_FCBU-MAIN LIBRARY (Kitwe)
_H1
_I0.00
_M1
_UAVAILABLE
_ZMain Library Open Access Collection
999 _c50098
_d50098